| 000 | 00968cam a22003134a 4500 | ||
|---|---|---|---|
| 001 | 75206 | ||
| 005 | 20230404125949.0 | ||
| 008 | 060912s2006 fr b 000 0 fre | ||
| 035 | _a14577669 | ||
| 010 | _a 2006507891 | ||
| 020 | _a2752602626 | ||
| 035 | _a(FrPJT)JTL00186624 | ||
| 040 |
_aDLC _cDLC |
||
| 043 | _as-bl--- | ||
| 050 | 1 | 4 |
_a103 F 2583.3 _bN934 2006 |
| 245 | 0 | 3 |
_aLe nouveau Braesil de Lula : _bdynamique des paradoxes / _cdirigae par Daniel van Eeuwen. |
| 260 |
_aLa Tour d'Aigues : _bAube, _c2006. |
||
| 300 |
_a349 p. ; _c24 cm. |
||
| 490 | 0 | _aMonde en cours | |
| 504 | _aIncludes bibliographical references. | ||
| 650 | 0 |
_aBrazil _xPolitics and government _y2003- |
|
| 650 | 0 |
_aBrazil _xSocial conditions _y1985- |
|
| 650 | 4 |
_aBrasil _xPolĂtica y gobierno _y2003. |
|
| 650 | 4 |
_aBrasil _xCondiciones Sociales _y1985. |
|
| 600 | 0 | 0 |
_aLula, _d1945- |
| 700 | 1 | _aEeuwen, Daniel van. | |
| 923 |
_d20060919 _nB00075888 _sFrPJT |
||
| 942 |
_2lcc _cbk |
||
| 999 |
_c8222 _d8222 |
||